Statistics for Super Rugby Teams

Click here to take the quiz!

General Stats

  • This quiz has been taken 6 times
  • The average score is 13 of 15

Answer Stats

Country Team % Correct
New ZealandBlues
100%
New ZealandChiefs
100%
New ZealandCrusaders
100%
New ZealandHighlanders
100%
New ZealandHurricanes
100%
AustraliaBrumbies
100%
AustraliaRebels
100%
AustraliaReds
100%
South AfricaSharks
100%
AustraliaWaratahs
83%
JapanSunwolves
83%
ArgentinaJaguares
83%
South AfricaLions
83%
South AfricaBulls
50%
South AfricaStormers
50%

Score Distribution

Percentile by Number Answered

Percent of People with Each Score

Your Score History

You have not taken this quiz